[Event "4NCL Division 1 & 2"]
[Site "Milton Keynes, ENG"]
[Date "2021.11.28"]
[Round "2.143"]
[White "Taylor, Adam A"]
[Black "Ogunshola, Ben"]
[Result "1-0"]
[WhiteElo "2268"]
[BlackElo "2230"]
[PlyCount "111"]
[EventDate "2021.11.28"]
[WhiteTeam "North East England"]
[BlackTeam "Check Inn"]

1. Nf3 Nf6 2. g3 g6 3. Bg2 Bg7 4. O-O O-O 5. d4 d6 6. Nc3 d5 7. Bf4 c6 8. Qd2
Nbd7 9. Rad1 Re8 10. Rfe1 Qb6 11. b3 Qa5 12. h3 Qb4 13. Bc7 e6 14. Ne5 Nxe5 15.
Bxe5 a5 16. Qd3 b6 17. Qf3 Nd7 18. Bxg7 Kxg7 19. e4 Ba6 20. g4 h6 21. h4 Nf6
22. g5 hxg5 23. hxg5 Nh7 24. e5 Qe7 25. Qf6+ Kg8 26. Qxe7 Rxe7 27. f4 Nf8 28.
Kf2 Rc7 29. Rd2 Rac8 30. Nd1 c5 31. dxc5 Rxc5 32. Ne3 Rc3 33. Rh1 Nd7 34. Rh3
Kg7 35. Ke1 Rh8 36. Nf5+ gxf5 37. Rxc3 Nc5 38. Rh3 Rxh3 39. Bxh3 Kg6 40. Rh2
Ne4 41. Bg2 Nc3 42. Kd2 d4 43. Rh8 Nxa2 44. Rd8 Nc3 45. Bf3 Bf1 46. Rxd4 Nb5
47. Rd8 Bh3 48. c4 Na3 49. Rg8+ Kh7 50. Rb8 a4 51. Ra8 Bg4 52. Rxa4 Nxc4+ 53.
Rxc4 Bxf3 54. Rb4 Kg6 55. Rxb6 Bh5 56. Ke3 1-0

[Event "4NCL Division 1 & 2"]
[Site "Milton Keynes, ENG"]
[Date "2021.11.28"]
[Round "2.144"]
[White "Truran, Michael C"]
[Black "Longson, Sarah N"]
[Result "1/2-1/2"]
[WhiteElo "2148"]
[BlackElo "2185"]
[PlyCount "34"]
[EventDate "2021.11.28"]
[WhiteTeam "Check Inn"]
[BlackTeam "North East England"]

1. d4 d5 2. c4 c6 3. Nf3 Nf6 4. Qc2 dxc4 5. Qxc4 Bf5 6. Nc3 e6 7. g3 Nbd7 8.
Bg2 Bd6 9. Nh4 Bg4 10. h3 Bh5 11. e4 Be7 12. Be3 Rc8 13. O-O O-O 14. g4 Ne8 15.
Nf3 Bg6 16. Ne5 b5 17. Qb3 b4 1/2-1/2

[Event "4NCL Division 1 & 2"]
[Site "Milton Keynes, ENG"]
[Date "2021.11.28"]
[Round "2.145"]
[White "Dunn, Andrew"]
[Black "Parker, Francis"]
[Result "1-0"]
[WhiteElo "2148"]
[BlackElo "2133"]
[PlyCount "77"]
[EventDate "2021.11.28"]
[WhiteTeam "North East England"]
[BlackTeam "Check Inn"]

1. d4 d5 2. c4 c6 3. Nf3 e6 4. e3 Nd7 5. Nc3 Bd6 6. e4 dxe4 7. Nxe4 Bb4+ 8. Bd2
Qe7 9. c5 Bxd2+ 10. Qxd2 Ngf6 11. Nd6+ Kf8 12. Ng5 b6 13. Ngxf7 bxc5 14. dxc5
Rg8 15. Rc1 Ne4 16. Nxe4 Qxf7 17. Qd6+ Qe7 18. Bd3 Nf6 19. O-O Bd7 20. Nxf6
gxf6 21. Bxh7 Rg7 22. Be4 Rc8 23. f4 Ke8 24. Qxe7+ Kxe7 25. b4 Rh8 26. Rf2 Rg4
27. g3 Rb8 28. Rb1 Rbg8 29. b5 e5 30. bxc6 exf4 31. Bf3 R4g5 32. cxd7 fxg3 33.
Re2+ Kxd7 34. c6+ Kc8 35. hxg3 Rxg3+ 36. Rg2 Rxg2+ 37. Bxg2 Rg5 38. Rb7 Ra5 39.
Bh3+ 1-0

[Event "4NCL Division 1 & 2"]
[Site "Milton Keynes, ENG"]
[Date "2021.11.28"]
[Round "2.146"]
[White "Rabbitt, Michael"]
[Black "Dargan, Paul A G"]
[Result "1-0"]
[WhiteElo "2005"]
[BlackElo "2121"]
[PlyCount "59"]
[EventDate "2021.11.28"]
[WhiteTeam "Check Inn"]
[BlackTeam "North East England"]

1. e4 c5 2. Nf3 d6 3. d4 cxd4 4. Nxd4 Nf6 5. f3 g6 6. c4 Bg7 7. Be3 Nc6 8. Nc3
O-O 9. Be2 Nxd4 10. Bxd4 Be6 11. O-O a5 12. f4 Qc7 13. Qd3 Nd7 14. f5 Nc5 15.
Qe3 Bd7 16. Nd5 Qd8 17. Bxg7 Kxg7 18. Nxe7 f6 19. Nd5 Bc6 20. Rad1 Rf7 21. h4
Qe8 22. Rf4 Qe5 23. Rg4 Re8 24. fxg6 hxg6 25. Nf4 Bxe4 26. Qg3 Ree7 27. Rd5
Bxd5 28. Rxg6+ Kh7 29. Rh6+ Kxh6 30. Qg6# 1-0

[Event "4NCL Division 1 & 2"]
[Site "Milton Keynes, ENG"]
[Date "2021.11.28"]
[Round "2.147"]
[White "Henderson, David"]
[Black "Ashworth, Robert"]
[Result "1-0"]
[WhiteElo "2124"]
[BlackElo "1851"]
[PlyCount "61"]
[EventDate "2021.11.28"]
[WhiteTeam "North East England"]
[BlackTeam "Check Inn"]

1. d4 Nf6 2. c4 g6 3. g3 Bg7 4. Bg2 O-O 5. Nc3 d5 6. cxd5 b6 7. d6 c6 8. dxe7
Qxe7 9. Nf3 Bb7 10. O-O Na6 11. Bf4 Rad8 12. Qa4 Nd5 13. Nxd5 Rxd5 14. Ne5 b5
15. Qd1 Rd6 16. Nf3 Rd5 17. e4 Qxe4 18. Ng5 Qxd4 19. Bxd5 Qxd1 20. Bxf7+ Rxf7
21. Raxd1 Rf5 22. Rd7 Nc5 23. Rd8+ Bf8 24. b4 h6 25. bxc5 hxg5 26. Bd6 Kg7 27.
Rd1 a5 28. Bxf8+ Rxf8 29. R1d7+ Rf7 30. Rxf7+ Kxf7 31. Rd7+ 1-0

[Event "4NCL Division 1 & 2"]
[Site "Milton Keynes, ENG"]
[Date "2021.11.28"]
[Round "2.148"]
[White "Fernando, Manel"]
[Black "Lampard, Alice"]
[Result "1/2-1/2"]
[WhiteElo "1563"]
[BlackElo "2005"]
[PlyCount "118"]
[EventDate "2021.11.28"]
[WhiteTeam "Check Inn"]
[BlackTeam "North East England"]

1. d4 Nf6 2. Nf3 g6 3. Bf4 d5 4. e3 Bg7 5. Bd3 O-O 6. Nbd2 Nbd7 7. O-O Re8 8.
Re1 c5 9. c3 Nh5 10. Bg5 Qb6 11. Rb1 e5 12. dxe5 Nxe5 13. Nxe5 Bxe5 14. Nf3 Bg7
15. Bc2 Qc6 16. Bb3 Be6 17. Bc2 Rac8 18. a3 b5 19. Rc1 f5 20. h3 Bf7 21. a4 a6
22. axb5 axb5 23. Qd2 Nf6 24. Bf4 Ne4 25. Qd1 Ra8 26. Ng5 Nxg5 27. Bxg5 Be5 28.
Qd2 Kg7 29. f4 Bf6 30. Bxf6+ Qxf6 31. Qf2 Reb8 32. Ra1 b4 33. Rxa8 Rxa8 34.
cxb4 cxb4 35. Bb3 Re8 36. Qd2 d4 37. Bxf7 dxe3 38. Rxe3 Rxe3 39. Qxe3 Kxf7 40.
Qb3+ Qe6 41. Qxb4 h5 42. Kf2 Qd5 43. b3 Qd7 44. Qc4+ Kg7 45. b4 Qd2+ 46. Kg1 h4
47. b5 Qe1+ 48. Qf1 Qe3+ 49. Qf2 Qc1+ 50. Kh2 Qb1 51. b6 Qb4 52. Qe3 Kh6 53.
Qe5 Kh7 54. Qc7+ Kh6 55. Qd8 Qxf4+ 56. Kg1 Qc1+ 57. Kf2 Qf4+ 58. Ke2 Qe4+ 59.
Kd1 Qb1+ 1/2-1/2

[Event "4NCL Division 1 & 2"]
[Site "Daventry, ENG"]
[Date "2022.05.01"]
[Round "8.11"]
[White "Haria, Ravi"]
[Black "Houska, Jovanka"]
[Result "0-1"]
[WhiteElo "2501"]
[BlackElo "2358"]
[PlyCount "140"]
[EventDate "2022.05.01"]
[WhiteTeam "Wood Green"]
[BlackTeam "Wood Green Youth"]

1. e4 c6 2. d4 d5 3. e5 Bf5 4. Nd2 e6 5. Nb3 a6 6. Nf3 c5 7. Nxc5 Bxc5 8. dxc5
Qa5+ 9. c3 Qxc5 10. Be2 Ne7 11. O-O Nd7 12. Bf4 Bg4 13. Re1 Ng6 14. Bg3 Bh5 15.
h3 O-O 16. Bh2 Ne7 17. g4 Bg6 18. Nd4 Nc6 19. Bf1 Be4 20. f3 Bg6 21. Kh1 Qb6
22. Qd2 Rac8 23. Rac1 Qa5 24. Nxc6 Rxc6 25. b3 Qc7 26. c4 dxc4 27. Rxc4 Rxc4
28. bxc4 Nc5 29. Rd1 h5 30. Kg2 Rc8 31. Be2 Na4 32. Bf4 Nb6 33. Rc1 Na4 34. Rd1
Kh7 35. Kg3 Qc5 36. Qd6 Nc3 37. Qxc5 Rxc5 38. Rd2 Nxe2+ 39. Rxe2 Rxc4 40. Bg5
b5 41. a3 Bc2 42. Bd2 Bb3 43. Bb4 hxg4 44. hxg4 Rc1 45. Re3 Bc4 46. Kf2 Rf1+
47. Kg2 Ra1 48. Kg3 Ra2 49. Kf4 Kh6 50. Kg3 Kg6 51. Kf4 Kh7 52. Kg3 Kh6 53. Rc3
Re2 54. Re3 Ra2 55. Rc3 Bd5 56. Re3 Kh7 57. Kf4 Rg2 58. Kg5 Bc4 59. Rc3 Re2 60.
Kf4 Kh6 61. Bf8 Bd5 62. Re3 Rg2 63. Re1 Rf2 64. Rh1+ Kg6 65. Rh3 a5 66. Bc5 Rb2
67. Bf8 Rb3 68. Be7 b4 69. axb4 a4 70. b5 a3 0-1

[Event "4NCL Division 1 & 2"]
[Site "Daventry, ENG"]
[Date "2022.05.01"]
[Round "8.12"]
[White "Fitzsimons, David"]
[Black "Tan, Justin"]
[Result "1/2-1/2"]
[WhiteElo "2386"]
[BlackElo "2532"]
[PlyCount "72"]
[EventDate "2022.05.01"]
[WhiteTeam "Wood Green Youth"]
[BlackTeam "Wood Green"]

1. e4 e6 2. d4 d5 3. Nc3 Nf6 4. Bg5 dxe4 5. Nxe4 Be7 6. Nxf6+ Bxf6 7. Bxf6 Qxf6
8. Nf3 O-O 9. Qd3 Rd8 10. O-O-O Nc6 11. Qe4 Rb8 12. Bd3 g6 13. c3 Rd5 14. Rhe1
b5 15. Qg4 b4 16. c4 Rd8 17. Qg3 b3 18. axb3 Rxb3 19. Qxc7 Nxd4 20. Bf1 Bb7 21.
Nxd4 Rxd4 22. Rxd4 Qxd4 23. Qe5 Qxf2 24. Rd1 Qe3+ 25. Qxe3 Rxe3 26. Rd8+ Kg7
27. Rb8 Bc6 28. Kd2 Re5 29. b4 Rg5 30. g3 Rh5 31. h4 Rf5 32. Bd3 Rf2+ 33. Kc3
Rf3 34. Kd2 Rf2+ 35. Kc3 Rf3 36. Kd2 Rf2+ 1/2-1/2

[Event "4NCL Division 1 & 2"]
[Site "Daventry, ENG"]
[Date "2022.05.01"]
[Round "8.13"]
[White "Speelman, Jon S"]
[Black "McPhillips, Joseph"]
[Result "1/2-1/2"]
[WhiteElo "2503"]
[BlackElo "2404"]
[PlyCount "77"]
[EventDate "2022.05.01"]
[WhiteTeam "Wood Green"]
[BlackTeam "Wood Green Youth"]

1. d4 Nf6 2. c4 e6 3. Nf3 Bb4+ 4. Bd2 Qe7 5. g3 Nc6 6. Nc3 Bxc3 7. Bxc3 Ne4 8.
Rc1 d6 9. d5 Nxc3 10. Rxc3 Nd8 11. Bg2 O-O 12. dxe6 Nxe6 13. O-O Bd7 14. Nd4
Nxd4 15. Qxd4 Bc6 16. Re3 Qd7 17. Bd5 Rfe8 18. Rxe8+ Qxe8 19. e3 a5 20. b3 b6
21. Rc1 Rd8 22. h4 Bd7 23. Rd1 Be6 24. Qf4 Qe7 25. a3 h6 26. Bc6 Bd7 27. Bf3
Re8 28. Bd5 Be6 29. Qf3 Bxd5 30. Rxd5 Qe4 31. Qxe4 Rxe4 32. Kg2 Kf8 33. Kf3 Re8
34. e4 Re6 35. h5 Ke7 36. g4 g6 37. hxg6 fxg6 38. Ke3 g5 39. b4 1/2-1/2

[Event "4NCL Division 1 & 2"]
[Site "Daventry, ENG"]
[Date "2022.05.01"]
[Round "8.14"]
[White "Toma, Katarzyna"]
[Black "McDonald, Neil"]
[Result "1-0"]
[WhiteElo "2438"]
[BlackElo "2411"]
[PlyCount "78"]
[EventDate "2022.05.01"]
[WhiteTeam "Wood Green Youth"]
[BlackTeam "Wood Green"]

1. e4 e6 2. d4 d5 3. Nc3 Nf6 4. e5 Nfd7 5. Nce2 c5 6. c3 Nc6 7. Nf3 Be7 8. a3
c4 9. Nf4 Na5 10. Be3 Nb6 11. h4 Bd7 12. Nh5 Ba4 13. Qe2 g6 14. Nf6+ Bxf6 15.
exf6 Qxf6 16. g4 Qe7 17. Bh3 Nd7 18. Bf4 Nc6 19. g5 a5 20. Kf1 b5 21. Kg2 Ra6
22. Rhe1 Kd8 23. Ne5 Re8 24. Rac1 Kc8 25. Ng4 Kb7 26. Qf3 Rb6 27. Qg3 Qd8 28.
Nh6 Rf8 29. Bd6 Ne7 30. Re2 Nf5 31. Bxf5 gxf5 32. Bxf8 Qxf8 33. Rce1 b4 34.
axb4 axb4 35. cxb4 Rxb4 36. Qa3 Nb6 37. Nxf7 f4 38. Rxe6 Ka6 39. Rf6 Qc8 1-0

[Event "4NCL Division 1 & 2"]
[Site "Daventry, ENG"]
[Date "2022.05.01"]
[Round "8.15"]
[White "Harvey, Marcus R"]
[Black "Haydon, David L"]
[Result "1-0"]
[WhiteElo "2455"]
[BlackElo "2282"]
[PlyCount "49"]
[EventDate "2022.05.01"]
[WhiteTeam "Wood Green"]
[BlackTeam "Wood Green Youth"]

1. c4 Nf6 2. Nc3 c5 3. Nf3 Nc6 4. d4 cxd4 5. Nxd4 g6 6. e4 d6 7. Be2 Bg7 8. Be3
Bd7 9. Rc1 Rc8 10. O-O O-O 11. f3 Nxd4 12. Bxd4 Be6 13. b3 a6 14. f4 Bd7 15.
Bf3 Bc6 16. Qd3 Nd7 17. Bxg7 Kxg7 18. Qd4+ Kg8 19. Bg4 Rc7 20. e5 dxe5 21. fxe5
e6 22. Qd6 Qg5 23. Qxc7 Nxe5 24. Bh3 Qe3+ 25. Kh1 1-0

[Event "4NCL Division 1 & 2"]
[Site "Daventry, ENG"]
[Date "2022.05.01"]
[Round "8.16"]
[White "O'Donnell, Conor"]
[Black "Czopor, Maciej"]
[Result "0-1"]
[WhiteElo "2294"]
[BlackElo "2425"]
[PlyCount "72"]
[EventDate "2022.05.01"]
[WhiteTeam "Wood Green Youth"]
[BlackTeam "Wood Green"]

1. d4 Nf6 2. c4 e6 3. Nc3 d5 4. cxd5 exd5 5. Bg5 c6 6. e3 Bd6 7. Qc2 O-O 8. Bd3
h6 9. Bh4 Re8 10. Bg3 Bxg3 11. hxg3 Bg4 12. Nf3 Nbd7 13. O-O a5 14. Rfc1 Qb8
15. Rab1 Qd6 16. Bf5 h5 17. Na4 g6 18. Bd3 Kg7 19. Nc5 Bxf3 20. gxf3 Nxc5 21.
dxc5 Qe5 22. Qa4 Nd7 23. Kg2 Nf8 24. Rc2 Ne6 25. f4 Qf6 26. Rh1 Rh8 27. Qb3 h4
28. Qxb7 Rab8 29. Qa7 Ra8 30. Qb7 Rab8 31. Qa7 d4 32. e4 hxg3 33. fxg3 Nxf4+
34. gxf4 Qxf4 35. Qd7 Qg5+ 36. Kf3 Qe3+ 0-1

[Event "4NCL Division 1 & 2"]
[Site "Daventry, ENG"]
[Date "2022.05.01"]
[Round "8.17"]
[White "Hunt, Harriet V"]
[Black "Horton, Jamie A"]
[Result "0-1"]
[WhiteElo "2395"]
[BlackElo "2251"]
[PlyCount "64"]
[EventDate "2022.05.01"]
[WhiteTeam "Wood Green"]
[BlackTeam "Wood Green Youth"]

1. e4 c6 2. d4 d5 3. e5 Bf5 4. h4 h5 5. Bd3 Bxd3 6. Qxd3 Qa5+ 7. Nd2 Qa6 8. c4
e6 9. Ngf3 Nh6 10. O-O Nf5 11. Qc2 b6 12. a4 Nd7 13. a5 Be7 14. g3 O-O 15. Qa4
b5 16. cxb5 Qxb5 17. Qd1 g6 18. Nb1 Rab8 19. Nc3 Qb3 20. Qe2 c5 21. Rd1 Rb4 22.
dxc5 Bxc5 23. Kg2 Qc4 24. Rd3 Rfb8 25. a6 Nd4 26. Nxd4 Bxd4 27. f4 Nc5 28. Rxd4
Qxd4 29. Be3 Qc4 30. Qxc4 Rxc4 31. Nd1 d4 32. Bg1 Rb6 0-1

[Event "4NCL Division 1 & 2"]
[Site "Daventry, ENG"]
[Date "2022.05.01"]
[Round "8.18"]
[White "Sygnowski, Tomasz"]
[Black "Willow, Jonah B"]
[Result "1/2-1/2"]
[WhiteElo "2119"]
[BlackElo "2411"]
[PlyCount "122"]
[EventDate "2022.05.01"]
[WhiteTeam "Wood Green Youth"]
[BlackTeam "Wood Green"]

1. e4 e5 2. Nc3 Nc6 3. Bc4 Nf6 4. d3 Na5 5. Nf3 Nxc4 6. dxc4 Bb4 7. Bd2 d6 8.
Qe2 O-O 9. O-O-O a5 10. h3 Nd7 11. g4 Nc5 12. Ne1 Ne6 13. Ng2 Qe8 14. Ne3 Nd4
15. Qd3 Nf3 16. Nf5 Nxd2 17. Qxd2 Qd8 18. a3 Bc5 19. Nd5 Be6 20. Nde7+ Kh8 21.
Qg5 Bxf5 22. gxf5 h6 23. Qh4 Bxf2 24. Qxf2 Qxe7 25. Rhg1 Ra6 26. Rg4 Qf6 27.
Rdg1 Rg8 28. a4 Raa8 29. h4 g6 30. Qg2 Kh7 31. Rf1 gxf5 32. Rxf5 Rxg4 33. Qxg4
Qg6 34. Qf3 Rf8 35. b3 f6 36. Kb2 Kg7 37. Qe2 Qg3 38. h5 Rg8 39. c5 dxc5 40.
Qb5 Rf8 41. Qxb7 Rf7 42. Qc6 Qe3 43. Rf1 Qd4+ 44. Ka2 c4 45. bxc4 Qd2 46. Kb1
Qg2 47. Rd1 Qg4 48. Rd8 Qg1+ 49. Ka2 Qf2 50. Qe8 Qxc2+ 51. Ka1 Qc1+ 52. Ka2
Qxc4+ 53. Ka1 Qc3+ 54. Ka2 Qc4+ 55. Ka1 Qf1+ 56. Ka2 Qf2+ 57. Ka1 Qe1+ 58. Ka2
Qe2+ 59. Ka1 Qf1+ 60. Ka2 Qc4+ 61. Ka1 Qc3+ 1/2-1/2

[Event "4NCL Division 1 & 2"]
[Site "Daventry, ENG"]
[Date "2022.05.01"]
[Round "8.22"]
[White "Parligras, Mircea-Emilian"]
[Black "Sarakauskas, Gediminas"]
[Result "1-0"]
[WhiteElo "2583"]
[BlackElo "2425"]
[PlyCount "108"]
[EventDate "2022.05.01"]
[WhiteTeam "Chess.com Manx Liberty"]
[BlackTeam "Gonzaga"]

1. d4 d5 2. c4 dxc4 3. e3 Nf6 4. Bxc4 e6 5. Nf3 c5 6. O-O a6 7. Nbd2 Nc6 8.
dxc5 Bxc5 9. a3 b5 10. Be2 Bb7 11. b4 Be7 12. Bb2 O-O 13. Rc1 a5 14. Bxb5 Na7
15. Bxf6 gxf6 16. Be2 axb4 17. axb4 Bxb4 18. Rc4 Bxd2 19. Nxd2 f5 20. Rd4 Qf6
21. Bf3 Bxf3 22. Qxf3 Nb5 23. Rf4 Nc3 24. Ne4 Nxe4 25. Rxe4 Ra1 26. Rd4 Rxf1+
27. Kxf1 Rd8 28. Qg3+ Kf8 29. Qf4 Rxd4 30. exd4 Qd8 31. Qe5 Kg8 32. h3 Qa8 33.
Kg1 Qa1+ 34. Kh2 Qc1 35. h4 Qd1 36. f3 Qd2 37. Kg3 h6 38. Qf4 Qe1+ 39. Kh2 Kh7
40. h5 Qf2 41. d5 exd5 42. Qxf5+ Kg8 43. Qg4+ Kf8 44. Qf4 Ke7 45. Qe5+ Kf8 46.
Kh3 d4 47. Qh8+ Ke7 48. Qxh6 d3 49. Qg5+ Ke6 50. Qg4+ Kd6 51. Qf4+ Kc5 52. Qf5+
Kd4 53. h6 Qf1 54. Qf4+ Kd5 1-0

[Event "4NCL Division 1 & 2"]
[Site "Daventry, ENG"]
[Date "2022.05.01"]
[Round "8.23"]
[White "Wall, Gavin"]
[Black "Lupulescu, Constantin"]
[Result "0-1"]
[WhiteElo "2309"]
[BlackElo "2623"]
[PlyCount "82"]
[EventDate "2022.05.01"]
[WhiteTeam "Gonzaga"]
[BlackTeam "Chess.com Manx Liberty"]

1. e4 c5 2. Nf3 d6 3. Bb5+ Bd7 4. a4 Nf6 5. d3 Nc6 6. O-O g6 7. Nbd2 Bg7 8. Nc4
O-O 9. Re1 Qc7 10. Bg5 h6 11. Bh4 Nh5 12. h3 a6 13. Bxc6 Bxc6 14. a5 Rae8 15.
Nfd2 f5 16. c3 e6 17. f3 Nf4 18. Nf1 fxe4 19. dxe4 d5 20. Nb6 Qf7 21. Qc2 c4
22. exd5 exd5 23. Rxe8 Rxe8 24. Re1 g5 25. Bf2 Rxe1 26. Bxe1 Qe6 27. Bf2 Qe2
28. Ne3 Qxc2 29. Nxc2 Nd3 30. Ne3 Nxb2 31. Nexd5 Kf7 32. Bd4 Bxd4+ 33. cxd4
Bxd5 34. Nxd5 Nd1 35. Kf1 Ke6 36. Nb6 c3 37. Ke2 c2 38. Kd2 Ne3 39. g3 h5 40.
h4 Nf1+ 41. Kxc2 Nxg3 0-1

[Event "4NCL Division 1 & 2"]
[Site "Daventry, ENG"]
[Date "2022.05.01"]
[Round "8.24"]
[White "Csonka, Balazs"]
[Black "Delaney, Killian"]
[Result "1/2-1/2"]
[WhiteElo "2496"]
[BlackElo "2296"]
[PlyCount "83"]
[EventDate "2022.05.01"]
[WhiteTeam "Chess.com Manx Liberty"]
[BlackTeam "Gonzaga"]

1. d4 d5 2. c4 e6 3. Nf3 Nf6 4. g3 dxc4 5. Bg2 Bd7 6. Ne5 Bc6 7. Nxc6 Nxc6 8.
O-O Qd7 9. e3 O-O-O 10. Nc3 Nd5 11. Qe2 h5 12. Rd1 h4 13. e4 Nb6 14. Be3 hxg3
15. hxg3 Bb4 16. Rac1 f6 17. b3 Na5 18. Qc2 Kb8 19. Nb1 cxb3 20. axb3 Nc6 21.
Nc3 g5 22. Na4 Nxa4 23. bxa4 Qh7 24. Qb3 a5 25. Qxe6 Rd6 26. Qc4 Rhd8 27. Qb5
Ne5 28. Qe2 Qd7 29. Qc2 g4 30. Bf4 Rc6 31. Qb1 Nf3+ 32. Bxf3 gxf3 33. Qd3 Qg4
34. Rxc6 bxc6 35. Qa6 Qd7 36. Qb6+ Kc8 37. Qa6+ Kb8 38. d5 Rh8 39. Qb6+ Kc8 40.
Qa6+ Kb8 41. Qb6+ Kc8 42. Qa6+ 1/2-1/2

[Event "4NCL Division 1 & 2"]
[Site "Daventry, ENG"]
[Date "2022.05.01"]
[Round "8.25"]
[White "Kanyamarala, Trisha"]
[Black "Cyborowski, Lukasz"]
[Result "0-1"]
[WhiteElo "2198"]
[BlackElo "2485"]
[PlyCount "126"]
[EventDate "2022.05.01"]
[WhiteTeam "Gonzaga"]
[BlackTeam "Chess.com Manx Liberty"]

1. d4 d6 2. Nf3 Bg4 3. c4 Nd7 4. Nc3 Ngf6 5. e3 e5 6. Be2 Be7 7. O-O O-O 8. Qc2
c6 9. Rd1 Qc7 10. a3 Rfe8 11. b4 Bf8 12. dxe5 dxe5 13. e4 a5 14. Rb1 axb4 15.
axb4 Nh5 16. g3 g6 17. Ne1 Bxe2 18. Qxe2 Ng7 19. c5 Ne6 20. Nc2 h5 21. Be3 Nf6
22. Qc4 Ng4 23. Bc1 b5 24. cxb6 Qxb6 25. Qf1 Nd4 26. Ne1 Nf6 27. Be3 Bxb4 28.
Qc4 c5 29. Nd3 Rac8 30. Nd5 Nxd5 31. exd5 Qf6 32. Bxd4 exd4 33. Nxb4 cxb4 34.
Qxb4 Re2 35. Rf1 Rcc2 36. Qb8+ Kg7 37. Qf4 Qxf4 38. gxf4 Rc5 39. d6 Rd5 40. Kg2
Rxd6 41. Kf3 Rc2 42. Rfd1 Rc3+ 43. Ke4 Re6+ 44. Kxd4 Rf3 45. Rb2 Rxf4+ 46. Kd3
Rd6+ 47. Ke3 Rxf2 48. Rxf2 Rxd1 49. Kf4 Rd4+ 50. Kg3 g5 51. Rb2 Kg6 52. Rb5
Rd3+ 53. Kg2 g4 54. Rb8 Kg5 55. Rb5+ f5 56. Ra5 Rd2+ 57. Kg1 Re2 58. Rb5 h4 59.
Ra5 g3 60. hxg3 hxg3 61. Kh1 Kg4 62. Ra3 f4 63. Kg1 Re1+ 0-1

[Event "4NCL Division 1 & 2"]
[Site "Daventry, ENG"]
[Date "2022.05.01"]
[Round "8.26"]
[White "Turner, Matthew J"]
[Black "Freeman, Gordon"]
[Result "1-0"]
[WhiteElo "2476"]
[BlackElo "2099"]
[PlyCount "63"]
[EventDate "2022.05.01"]
[WhiteTeam "Chess.com Manx Liberty"]
[BlackTeam "Gonzaga"]

1. Nf3 d5 2. g3 Nf6 3. Bg2 c6 4. O-O Bg4 5. d3 Nbd7 6. Nbd2 e5 7. e4 dxe4 8.
dxe4 Bc5 9. h3 Bh5 10. Qe1 Qc7 11. a4 a5 12. Nc4 O-O 13. Bg5 Rfe8 14. Nh4 Bg6
15. Qe2 Be7 16. Nxg6 hxg6 17. Bd2 Bb4 18. Be3 Bc5 19. Rfd1 Rad8 20. Rd2 Bxe3
21. Qxe3 Nf8 22. Rxd8 Qxd8 23. Qc3 Ne6 24. Nxa5 Nd4 25. Kh2 Qc7 26. Nc4 g5 27.
Rd1 c5 28. Ne3 Qc6 29. Qc4 Nxe4 30. c3 b5 31. axb5 Qg6 32. Bxe4 1-0

[Event "4NCL Division 1 & 2"]
[Site "Daventry, ENG"]
[Date "2022.05.01"]
[Round "8.27"]
[White "Jackson, Carl"]
[Black "Kolbus, Dietmar"]
[Result "0-1"]
[WhiteElo "1968"]
[BlackElo "2312"]
[PlyCount "100"]
[EventDate "2022.05.01"]
[WhiteTeam "Gonzaga"]
[BlackTeam "Chess.com Manx Liberty"]

1. b3 d5 2. Bb2 Bf5 3. e3 c6 4. f4 e6 5. Nf3 Nd7 6. Be2 Bg4 7. O-O Ngf6 8. h3
Bxf3 9. Bxf3 Qc7 10. c4 Be7 11. d3 O-O 12. g4 Rfd8 13. Qe1 dxc4 14. dxc4 e5 15.
g5 Ne8 16. Bd1 exf4 17. exf4 Nf8 18. Bc2 Ne6 19. Qe4 g6 20. h4 Bc5+ 21. Kh1 Bd4
22. Nc3 Nd6 23. Qf3 Ng7 24. Rad1 Ngf5 25. h5 Re8 26. hxg6 fxg6 27. Bxf5 Nxf5
28. Rxd4 Nxd4 29. Qd3 c5 30. Nd5 Qc6 31. Bxd4 cxd4 32. Qxd4 Rf8 33. Kg1 Rae8
34. Nf6+ Rxf6 35. gxf6 Rf8 36. Rd1 Rxf6 37. Qd5+ Qxd5 38. Rxd5 Rxf4 39. Kg2 Rf7
40. c5 Kf8 41. Kg3 Ke7 42. Kg4 Rf5 43. Rxf5 gxf5+ 44. Kxf5 Kd7 45. b4 Kc6 46.
Ke4 h5 47. Kf5 Kb5 48. a3 h4 49. Kg4 a6 50. Kxh4 Ka4 0-1

[Event "4NCL Division 1 & 2"]
[Site "Daventry, ENG"]
[Date "2022.05.01"]
[Round "8.28"]
[White "Terbe, Julianna"]
[Black "Venkatesan, Kavin"]
[Result "1/2-1/2"]
[WhiteElo "2294"]
[BlackElo "2006"]
[PlyCount "117"]
[EventDate "2022.05.01"]
[WhiteTeam "Chess.com Manx Liberty"]
[BlackTeam "Gonzaga"]

1. e4 c5 2. Nf3 d6 3. d4 cxd4 4. Nxd4 Nf6 5. f3 e5 6. Bb5+ Bd7 7. Bxd7+ Qxd7 8.
Nf5 d5 9. Bg5 dxe4 10. Bxf6 Qxd1+ 11. Kxd1 gxf6 12. fxe4 Nd7 13. Ke2 O-O-O 14.
Nc3 Nb6 15. Rad1 Bc5 16. Nb5 Kb8 17. Nh6 Rhf8 18. b3 a6 19. Nc3 Bd4 20. Nb1 Rc8
21. Rd2 Rc7 22. Rf1 Rfc8 23. c4 Nd7 24. Nf5 b5 25. cxb5 axb5 26. Nxd4 exd4 27.
Na3 d3+ 28. Rxd3 Ra7 29. Nxb5 Rxa2+ 30. Ke3 Ne5 31. Rd2 Ng4+ 32. Ke2 Rcc2 33.
Rxc2 Rxc2+ 34. Kd3 Rxg2 35. Kd4 Rb2 36. Rf4 h5 37. h3 Rxb3 38. Nc3 Rb4+ 39. Kd5
Ne3+ 40. Kd6 f5 41. Rf3 Rd4+ 42. Nd5 Nc4+ 43. Kc5 Rxe4 44. Rxf5 Ne3 45. Rxh5
Nxd5 46. Kxd5 Re3 47. h4 Kc7 48. Rf5 Kd7 49. Rxf7+ Ke8 50. Rf5 Re7 51. h5 Rf7
52. Rg5 Kf8 53. h6 Rh7 54. Rg6 Kf7 55. Ra6 Kg8 56. Ra8+ Kf7 57. Ra7+ Kg8 58.
Rxh7 Kxh7 59. Ke4 1/2-1/2

[Event "4NCL Division 1 & 2"]
[Site "Daventry, ENG"]
[Date "2022.05.01"]
[Round "8.31"]
[White "Kilpatrick, Callum"]
[Black "Pert, Nicholas"]
[Result "0-1"]
[WhiteElo "2416"]
[BlackElo "2538"]
[PlyCount "110"]
[EventDate "2022.05.01"]
[WhiteTeam "Guildford Young Guns"]
[BlackTeam "Cheddleton"]

1. e4 e6 2. d4 d5 3. Nd2 c5 4. Ngf3 Nc6 5. exd5 exd5 6. Bb5 Qe7+ 7. Be2 Nf6 8.
O-O Qc7 9. Re1 cxd4 10. Nb3 Bb4 11. Bd2 Bxd2 12. Qxd2 O-O 13. Bd3 Bd7 14. Nbxd4
Rae8 15. c3 h6 16. h3 Ne4 17. Qc2 Qf4 18. Re3 Bxh3 19. gxh3 Nxf2 20. Rxe8 Nxh3+
21. Kf1 Rxe8 22. Re1 Rxe1+ 23. Kxe1 Qg3+ 24. Kd2 Nf4 25. Be2 g6 26. Qd1 Ng2 27.
Kc1 h5 28. Qd2 h4 29. Qg5 Nxd4 30. cxd4 Nf4 31. Kd2 Qxg5 32. Nxg5 f6 33. Nf3 g5
34. Bd1 Kf7 35. Ke3 h3 36. Nh2 f5 37. Bf3 Ke6 38. Bh1 Ng6 39. Kf3 Ne7 40. Kg3
Nc6 41. Kxh3 Nxd4 42. Kg3 g4 43. Nf1 Ke5 44. Nd2 Ne2+ 45. Kf2 Nc1 46. Nb3 Nxb3
47. axb3 f4 48. Bg2 f3 49. Bf1 Kf4 50. Bb5 g3+ 51. Kf1 a5 52. Be8 Ke3 53. Bg6
d4 54. Bc2 g2+ 55. Kg1 Ke2 0-1

[Event "4NCL Division 1 & 2"]
[Site "Daventry, ENG"]
[Date "2022.05.01"]
[Round "8.32"]
[White "Kirk, Ezra"]
[Black "Hebden, Mark L"]
[Result "1-0"]
[WhiteElo "2443"]
[BlackElo "2448"]
[PlyCount "105"]
[EventDate "2022.05.01"]
[WhiteTeam "Cheddleton"]
[BlackTeam "Guildford Young Guns"]

1. e4 e5 2. Nf3 Nc6 3. Bc4 Nf6 4. d3 Be7 5. O-O O-O 6. Nc3 d6 7. a3 a6 8. Re1
h6 9. h3 Re8 10. Ba2 Bf8 11. b4 Ne7 12. d4 Ng6 13. dxe5 dxe5 14. Qxd8 Rxd8 15.
Nd5 Nxd5 16. exd5 a5 17. c3 axb4 18. axb4 Bd6 19. Bd2 b5 20. Bb3 Bd7 21. Ra5 f6
22. Rea1 Rab8 23. Ra7 Kf8 24. Be3 Ne7 25. Nd2 Bf5 26. f3 Nc8 27. Ra8 Nb6 28.
Rxb8 Rxb8 29. Ne4 Nc4 30. Bxc4 bxc4 31. Ra7 Ke7 32. Bc5 Bxc5+ 33. bxc5 Kd8 34.
c6 Rb1+ 35. Kf2 Rd1 36. Ra8+ Ke7 37. d6+ cxd6 38. c7 Be6 39. c8=Q Bxc8 40. Rxc8
d5 41. Ng3 g6 42. Rc6 h5 43. h4 Rc1 44. Ne2 Rd1 45. f4 e4 46. Ra6 Rd2 47. Ke1
Rb2 48. f5 gxf5 49. Nf4 d4 50. cxd4 c3 51. Rc6 Rb1+ 52. Ke2 Rh1 53. Rxc3 1-0

[Event "4NCL Division 1 & 2"]
[Site "Daventry, ENG"]
[Date "2022.05.01"]
[Round "8.33"]
[White "Grieve, Harry"]
[Black "Pert, Richard G"]
[Result "1/2-1/2"]
[WhiteElo "2387"]
[BlackElo "2415"]
[PlyCount "29"]
[EventDate "2022.05.01"]
[WhiteTeam "Guildford Young Guns"]
[BlackTeam "Cheddleton"]

1. e4 c6 2. d4 d5 3. Nd2 dxe4 4. Nxe4 Nf6 5. Nxf6+ exf6 6. c3 Bd6 7. Bd3 O-O 8.
Qc2 Re8+ 9. Ne2 f5 10. Bxf5 Bxf5 11. Qxf5 Nd7 12. Qf3 Qh4 13. Be3 Nb6 14. O-O-O
Nc4 15. Rd3 1/2-1/2